電気通信事業経営の革新と電気通信メディアの模索

Đã lưu trong:
Bibliografiske detaljer
Institution som forfatter: 日本電信電話公社
Format: Bog
Sprog:Undetermined
Udgivet: 東京 科学技術と経済の会 1974
Fag:
Tags: Tilføj Tag
Ingen Tags, Vær først til at tagge denne postø!
Thư viện lưu trữ: Trung tâm Học liệu Trường Đại học Cần Thơ
LEADER 00548nam a2200181Ia 4500
001 CTU_80735
008 210402s9999 xx 000 0 und d
082 |a 621.38 
082 |b N691 
110 |a 日本電信電話公社 
245 0 |a 電気通信事業経営の革新と電気通信メディアの模索 
245 0 |c 日本電信電話公社 
260 |a 東京 
260 |b 科学技術と経済の会 
260 |c 1974 
650 |a Telecommunication 
904 |i Ngoc,Hải 
980 |a Trung tâm Học liệu Trường Đại học Cần Thơ